000 00549nam a2200193 a 4500
001 1760606289329
003 YourLibrary
005 20251018113042.0
008 251016s2004##################000#0#eng##
020 _a9781402019739
082 0 4 _a190
_bSTE
100 1 _aSchuhmann, Karl,
_eauthor.
245 1 0 _aSelected papers on Renaissance philosophy and on Thomas Hobbes :
260 _bSpringer Science & Business Media,
_c2004.
300 _a306 pages
650 0 _aPhilosophy.
942 _cENGLISH
040 _aYourLibrary
_beng
_cYourLibrary
999 _c592255
_d592255